00831nam a2200217 i 450000100060000000300090000600500170001500700030003200800410003510000210007624501180009725000350021526000450025030000220029549000440031765000400036183000520040185200220045399900170047595201210049234702ES-MaACL20250822033448.0t|030207s1957 sp |||| | spa d1 aBless, H.92947810aPastoral psiquiátrica b: psicopatología, moral terapéutica. / cH. Bless ; traducida por P.M. y A.A. de L. a3ª ed. española ref. y aum. aMadrid : bRazón y Fe, c1957 (fJura) a445 p. ; c20 cm.1 aPsicología, medicina, pastoral ; v1507aPsicología pastoral2embne9165701 aPsicología, medicina, pastoral ; v159180800 aES-MaACLjC-14079 c34702d34702 00104070aATENEOMbATENEOMcSPALd2008-01-17eSCl0oC-14079p1036208r2023-02-23 00:00:00w2023-02-23yMONOGRAFIA